Loading...
| Literature - World | 0 | 6 | 0 | 0 | 60 | 37 | 77.00 | 0 | 3 | 0.00 | 0.00 |
| Fine Arts - Painting and Sculpture | 0 | 4 | 1 | 0 | 35 | 59 | 72.50 | 0 | 4 | 0.00 | 0.00 |
| Social Science | 0 | 3 | 0 | 1 | 30 | 33 | 79.33 | 1 | 2 | 0.00 | 0.00 |
| Fine Arts - Classical Music | 0 | 4 | 2 | 0 | 30 | 54 | 75.75 | 2 | 4 | 0.00 | 0.00 |
| Literature - British | 0 | 3 | 0 | 1 | 30 | 42 | 92.00 | 0 | 1 | 0.00 | 0.00 |
| Mythology | 0 | 4 | 2 | 0 | 30 | 36 | 60.75 | 2 | 3 | 0.00 | 0.00 |
| Religion | 0 | 3 | 1 | 0 | 25 | 43 | 55.33 | 2 | 3 | 0.00 | 0.00 |
| History - American | 0 | 3 | 1 | 0 | 25 | 50 | 62.67 | 0 | 3 | 0.00 | 0.00 |
| Science - Biology | 0 | 4 | 3 | 1 | 25 | 40 | 64.00 | 2 | 3 | 0.00 | 0.00 |
| History - European | 0 | 2 | 0 | 0 | 20 | 71 | 77.00 | 0 | 1 | 0.00 | 0.00 |
| Literature - European | 0 | 2 | 0 | 0 | 20 | 64 | 78.00 | 0 | 1 | 0.00 | 0.00 |
| Fine Arts - Other | 0 | 3 | 2 | 0 | 20 | 60 | 64.67 | 2 | 3 | 0.00 | 0.00 |
| Geography | 0 | 2 | 0 | 0 | 20 | 82 | 96.50 | 0 | 2 | 0.00 | 0.00 |
| History - World | 0 | 2 | 1 | 0 | 15 | 58 | 68.50 | 0 | 1 | 0.00 | 0.00 |
| Literature - American | 0 | 1 | 0 | 0 | 10 | 102 | 102.00 | 0 | 1 | 0.00 | 0.00 |
| Current Events | 0 | 1 | 0 | 0 | 10 | 31 | 31.00 | 0 | 1 | 0.00 | 0.00 |
| Science - Other | 0 | 1 | 0 | 0 | 10 | 65 | 65.00 | 0 | 1 | 0.00 | 0.00 |
| History - Other | 0 | 1 | 0 | 1 | 10 | 121 | 121.00 | 0 | 0 | 0.00 | 0.00 |
| Science - Physics | 0 | 1 | 0 | 0 | 10 | 30 | 30.00 | 1 | 1 | 0.00 | 0.00 |
| Science - Chemistry | 0 | 1 | 1 | 0 | 5 | 76 | 76.00 | 0 | 0 | 0.00 | 0.00 |
| Philosophy | 0 | 0 | 2 | 0 | -10 | 0.00 | 0 | 0 | 0.00 | 0.00 |